<?xml version="1.0" encoding="UTF-8"?>
<collection xmlns="http://www.loc.gov/MARC21/slim">
 <record>
  <leader>01530pamaa2200241   4500</leader>
  <controlfield tag="001">0000045203</controlfield>
  <controlfield tag="005">20140922090000.0</controlfield>
  <datafield tag="020" ind1="0" ind2="0">
   <subfield code="a">0138149542 / 9780138149543 (CD-ROM) </subfield>
  </datafield>
  <datafield tag="090" ind1="0" ind2="0">
   <subfield code="a">TJ843 </subfield>
   <subfield code="b">ESP 2009</subfield>
  </datafield>
  <datafield tag="100" ind1="1" ind2="0">
   <subfield code="a">Esposito </subfield>
  </datafield>
  <datafield tag="245" ind1="1" ind2="0">
   <subfield code="a">Fluid power with applications [</subfield>
   <subfield code="m">CD-ROM]  </subfield>
   <subfield code="c">Anthony Esposito.</subfield>
  </datafield>
  <datafield tag="250" ind1="0" ind2="0">
   <subfield code="a">7th ed.</subfield>
  </datafield>
  <datafield tag="260" ind1="0" ind2="0">
   <subfield code="a">New Jersey: </subfield>
   <subfield code="b">Prentice Hall, </subfield>
   <subfield code="c">2009.</subfield>
  </datafield>
  <datafield tag="300" ind1=" " ind2=" ">
   <subfield code="a">xvii, 654p.: </subfield>
   <subfield code="b">ill.; </subfield>
   <subfield code="c">24 cm.</subfield>
  </datafield>
  <datafield tag="500" ind1="0" ind2="0">
   <subfield code="a">To acompany textbook titled &quot;Fluid power with applications / Anthony Esposito&quot;</subfield>
  </datafield>
  <datafield tag="501" ind1="0" ind2="0">
   <subfield code="a">DIEI</subfield>
  </datafield>
  <datafield tag="501" ind1="0" ind2="0">
   <subfield code="a">BCEGI</subfield>
  </datafield>
  <datafield tag="501" ind1="0" ind2="0">
   <subfield code="a">DME</subfield>
  </datafield>
  <datafield tag="501" ind1="0" ind2="0">
   <subfield code="a">DCE</subfield>
  </datafield>
  <datafield tag="501" ind1="0" ind2="0">
   <subfield code="a">DPE</subfield>
  </datafield>
  <datafield tag="505" ind1="0" ind2="0">
   <subfield code="a">Introduction to fluid power -- Physical&#13;
                  properties of hydraulic fluids -- Energy and power in&#13;
                  hydraulic systems -- Frictional losses in hydraulic pipelines&#13;
                  -- Hydraulic pumps -- Hydraulic cylinders and cushioning&#13;
                  devices -- Hydraulic motors -- Hydraulic valves -- Hydraulic&#13;
                  circuit design and analysis -- Hydraulic conductors and&#13;
                  fittings -- Ancillary hydraulic devices -- Maintenance of&#13;
                  hydraulic systems -- Pneumatics : air preparation and&#13;
                  components -- Pneumatics : circuits and applications -- Basic&#13;
                  electrical controls for fluid power circuits -- Fluid logic&#13;
                  control systems -- Advanced electrical controls for fluid&#13;
                  power systems</subfield>
  </datafield>
  <datafield tag="650" ind1="0" ind2="0">
   <subfield code="a">Fluid power technology </subfield>
  </datafield>
  <datafield tag="901" ind1=" " ind2=" ">
   <subfield code="u">http://www.prenhall.com</subfield>
  </datafield>
 </record>
</collection>
